Statistics for Antonym Song Titles #1

Click here to take the quiz!

General Stats

  • This quiz has been taken 25 times
  • The average score is 9 of 10

Answer Stats

HintHintAnswer% Correct
Post MaloneSquaresCircles
100%
MarshmelloSadderHappier
100%
EminemWith YouWithout Me
100%
Bryson TillerDoDon't
96%
Maroon 5Boys Like MeGirls Like You
96%
A-haGive On YouTake On Me
96%
AdeleWhen They Were OldWhen We Were Young
88%
TopicFixing YouBreaking Me
79%
RihannaLeaveStay
79%
Imagine DragonsArtificialNatural
54%

Score Distribution

Percentile by Number Answered

Percent of People with Each Score

Your Score History

You have not taken this quiz